01115nam a2200169Ia 4500001001300000003001000013008004100023040002500064041000700089100001800096245010700114250001100221260004400232300001200276500061200288650004500900b5202-34500 IT-MiCISF161014s9999||||xx |||||||||||||| ||und|| aIT-MiCISFcIT-MiCISF ait aPisani Giulia 0aMa non si può nascere di nuovo?bRitratti e storie di minori che subiscono violenze in diversi paesi a1a ed. a Pasian di Prato (UD)bCampanottoc2001 app. 141 a / abuso-di-minore, abuso-sessuale, infanzia / Nel testo sono presentate le vicende bambini e adolescenti che hanno subito terribili esperienze di vita e di perversione, invece che di amore. Le singole storie sono tratte dalle notizie diffuse dai mezzi di informazione di vari Paesi del mondo. Lo scopo dell'A. è stato quello di raccogliere questi episodi affinché le sofferenze dell'infanzia non siano dimenticate, né si disperdano in labili emozioni. "Ma non si può nascere di nuovo?" è la domanda posta da una bambina brasiliana: si tratta di una domanda a cui è difficile dare una risposta.  a Infanzia / maltrattamenti-violenzae008